| 000 | 00798nam a22002177a 4500 | ||
|---|---|---|---|
| 005 | 20240530110927.0 | ||
| 008 | 220221s2009 ua c g b 000 0 ara d | ||
| 017 | _bمصر. دار الكتب | ||
| 040 |
_aEG-CaGPL _cEG-CaGPL |
||
| 082 | 0 | 4 |
_221 _a910.91 / _bم ج |
| 100 | 0 | _aمحمد عبدالفتاح | |
| 245 | 0 | 1 |
_aالجغرافيا السياحية / _cتاليف محمد عبدالفتاح ، طايع عبداللطيف طه |
| 260 |
_aالاسكندرية : _bالمكتب الجامعى الحديث ، _c2009 |
||
| 300 |
_a336 ص؛ _c24 سم |
||
| 650 | 0 | 7 |
_aالسياحة _2qrmak |
| 650 | 0 | 7 |
_aالجغرافيا _2qrmak |
| 651 |
_2qrmak _aمصر |
||
| 700 |
_aطايع عبداللطيف طه _eمؤلف |
||
| 942 |
_2ddc _cBK |
||
| 999 |
_c66587 _d66587 |
||